00590nam a22001815i 450000100060000000300090000600500170001500700030003200800410003504000200007610000350009624500640013126001010019530000200029665100340031665100350035085200230038548576ES-MaACL20250604062533.0t|950726s1897 fr ||||1| fre d aCAM bspa cCAM1 aDesdevises du Dezert, Georges.12aL'Espagne de l'Ancien Régime / cG. Desdevises du Dezert. aParis : bSociété Francaise d'Imprimerie et de Librairie, Librairie Lecène et Cie, c1897. a3 v. ; c24 cm. 7aEspaña-xHistoria-yS.XIX2 4aEspaña-xHistoria-yS.XVIII. aES-MaACLjC-2381-3